| 000 | 00673cam a2200241 a 4500 | ||
|---|---|---|---|
| 001 | 50861 | ||
| 003 | BD-RjUL | ||
| 005 | 20211209075557.0 | ||
| 008 | 160828s1969 pk b 000 0 eng | ||
| 035 | _a(BD-RjUL)50981 | ||
| 035 | _a1945645 | ||
| 040 |
_aLC _beng _cLC _dANL:NR |
||
| 041 | _aeng | ||
| 082 |
_223 _a361.95491 _bABS 1969 |
||
| 100 | 1 |
_aAbbas, Rabeya. _9152253 |
|
| 245 | 1 | 0 |
_aSocial welfare administration in Pakistan / _cRabeya Abbas |
| 260 |
_aLahore : _bAlhamra Academy, _c[1969] |
||
| 300 |
_a83 p. ; _c22 cm. |
||
| 504 | _aBibliography: p. 78-82. | ||
| 650 | 0 |
_aSocial work administration. _9148616 |
|
| 942 |
_2ddc _cBK |
||
| 999 |
_c50861 _d50861 |
||